MARC
|
|
|
|
| LEADER |
00000nam0a2200000 4500 |
| 001 |
316132 |
| 005 |
20231102002839.0 |
| 035 |
|
|
|a (RuTPU)RU\TPU\book\341570
|
| 090 |
|
|
|a 316132
|
| 100 |
|
|
|a 20160315d1980 k y0rusy50 ca
|
| 101 |
0 |
|
|a rus
|
| 102 |
|
|
|a RU
|
| 105 |
|
|
|a y z 000zy
|
| 200 |
1 |
|
|a Из истории партийных организаций Западной Сибири
|f под ред. М. Е. Бударина
|
| 210 |
|
|
|a Томск
|c Изд-во Томского ун-та
|d 1980
|
| 215 |
|
|
|a 111 с.
|
| 606 |
1 |
|
|a КПСС
|x История
|x Партийные организации
|y Западная Сибирь
|2 stltpush
|3 (RuTPU)RU\TPU\subj\75197
|9 87068
|
| 610 |
1 |
|
|a сельское хозяйство
|
| 610 |
1 |
|
|a речной транспорт
|
| 610 |
1 |
|
|a молодежь
|
| 610 |
1 |
|
|a просвещение
|
| 610 |
1 |
|
|a массово-политическая работа
|
| 610 |
1 |
|
|a Великая Отечественная война 1941-1945
|
| 610 |
1 |
|
|a трудовой героизм
|
| 610 |
1 |
|
|a профсоюзные организации
|
| 610 |
1 |
|
|a идейно-воспитательная работа
|
| 610 |
1 |
|
|a Омская область
|
| 686 |
|
|
|a Ф61(2Р53)
|v LBC/SL-A
|2 rubbk
|
| 702 |
|
1 |
|a Бударин
|b М. Е.
|4 340
|
| 801 |
|
1 |
|a RU
|b 63413507
|c 20160315
|
| 801 |
|
2 |
|a RU
|b 63413507
|c 20160920
|g RCR
|
| 942 |
|
|
|c BK
|